55 teen wolf characters - Statistics

General Stats
  • This quiz has been taken 927 times
  • The average score is 34 of 55
Answer Stats
Hint Answer % Correct
1 Scott McCall
100%
4 Stiles Stilinski
100%
3 Allison Argent
98%
6 Derek Hale
97%
2 Lydia Martin
97%
34 Peter Hale
97%
8 Chris Argent
94%
25 Liam Dunbar
93%
5 Malia Tate
93%
10 Melissa McCall
92%
13 Aiden Stein
91%
14 Ethan Stein
91%
38 Jackson Whittemore
90%
55 Kate Argent
90%
7 Kira Yukimura
90%
15 Isaac Lahey
86%
31 Erica Reyes
84%
27 Mason Hewitt
84%
28 Theo Raeken
84%
30 Vernon Boyd
83%
51 Deucalion
81%
49 Gerard Argent
77%
36 Cora Hale
76%
26 Hayden Romero
76%
12 Danny Mahealani
74%
43 Noah Stlinski
74%
9 Victoria Argent
68%
42 Alan Deaton
67%
52 Kali
66%
17 Jennifer Blake
65%
29 Corey Briant
61%
40 Bobby Finstock
58%
21 Brett Talbot
56%
37 Talia Hale
52%
35 Laura Hale
50%
44 Meredith Waler
50%
39 Matt Daehler
49%
16 Braeden
48%
53 Ennis
48%
11 Rafael McCall
42%
41 Tracy Stewart
37%
45 Nolan Holloway
34%
32 Ken Yukimura
33%
33 Noshiko Yukimura
30%
54 Satomi
28%
22 Lori Talbot
25%
46 Gabe
23%
20 Garett
22%
50 Tamora Monroe
20%
19 Violet
17%
18 Adrian Harris
14%
47 Aaron
12%
48 Quinn
6%
24 Katashi
4%
23 William Barrow
4%
No matching quizzes found
Score Distribution
Percent of People with Each Score
Percentile by Number Answered
Your Score History
You have not taken this quiz